من خبرات حوار الحضارات قراءة فى نماذج على الصعيد العالمى والاقليمي والمصرى : (Record no. 178976)

MARC details
000 -LEADER
fixed length control field 01894namaa22003491i 4500
003 - CONTROL NUMBER IDENTIFIER
control field EG-GICUC
005 - DATE AND TIME OF LATEST TRANSACTION
control field 20260311105209.0
008 - FIXED-LENGTH DATA ELEMENTS--GENERAL INFORMATION
fixed length control field 260311s2003 ua ||||jr|||| 000 0 ara d
017 ## - COPYRIGHT OR LEGAL DEPOSIT NUMBER
Copyright or legal deposit number 2003 / 3773
Assigning agency دار الكتب والوثائق القومية (مصر)
020 ## - INTERNATIONAL STANDARD BOOK NUMBER
International Standard Book Number 9772237997
040 ## - CATALOGING SOURCE
Original cataloging agency EG-GiCUC
Language of cataloging ara
Transcribing agency EG-GiCUC
Modifying agency EG-GiCUC
Description conventions rda
043 ## - GEOGRAPHIC AREA CODE
Geographic area code f-ua---
082 04 - DEWEY DECIMAL CLASSIFICATION NUMBER
Edition number 21
Classification number 306.48262
Item number N138
092 04 - LOCALLY ASSIGNED DEWEY CALL NUMBER (OCLC)
Edition number 21
Classification number 306.48262
Item number N138
099 ## - LOCAL FREE-TEXT CALL NUMBER (OCLC)
Classification number 306.48262 N138 2003
100 1# - MAIN ENTRY--PERSONAL NAME
Relator term مؤلف.
111 ## - MAIN ENTRY--MEETING NAME
Meeting name or jurisdiction name as entry element من خبرات حوار الحضارات:قراءة فى نماذج على الصعيد العالمى والاقليمي والمصرى
Location of meeting القاهرة
Date of meeting or treaty signing 30-31 أكتوبر 2002
245 10 - TITLE STATEMENT
Title من خبرات حوار الحضارات قراءة فى نماذج على الصعيد العالمى والاقليمي والمصرى :
Remainder of title أعمال الندوة التى عقدت بالقاهرة يومى 30-31 اكتوبر 2002 /
Statement of responsibility, etc. المشاركون د. أحمد محمد عبد الله وسبعة عشر آخرون ؛ تحرير د. نادية محمود مصطفى، د. علا أبو زيد
264 ## - PRODUCTION, PUBLICATION, DISTRIBUTION, MANUFACTURE, AND COPYRIGHT NOTICE
Place of production, publication, distribution, manufacture القاهرة (مصر) :
Name of producer, publisher, distributor, manufacturer كلية الاقتصاد والعلوم السياسية.جامعة القاهرة.برنامج حوار الحضارات،
Date of production, publication, distribution, manufacture, or copyright notice 2003.
300 ## - PHYSICAL DESCRIPTION
Extent 563 صفحة ؛
Dimensions 24 سم
336 ## - CONTENT TYPE
Source rdacontent
Content type term text
337 ## - MEDIA TYPE
Source rdamedia
Media type term Unmediated
338 ## - CARRIER TYPE
Source rdacarrier
Carrier type term volume
504 ## - BIBLIOGRAPHY, ETC. NOTE
Bibliography, etc. note يشتمل على ارجاعات ببليوجرافية.
541 ## - IMMEDIATE SOURCE OF ACQUISITION NOTE
Source of acquisition د. جابر عصفور ؛
Address القاهرة ؛
Method of acquisition إهداء ؛
Date of acquisition 2024.
650 17 - SUBJECT ADDED ENTRY--TOPICAL TERM
Topical term or geographic name entry element الصراع الثقافى
Form subdivision مؤتمرات
Geographic subdivision مصر
Source of heading or term qrmak
651 1# - SUBJECT ADDED ENTRY--GEOGRAPHIC NAME
Source of heading or term qrmak
Geographic name مصر
Relator term الحياة الفكرية
Form subdivision مؤتمرات
700 1# - ADDED ENTRY--PERSONAL NAME
Personal name مصطفى، نادية محمود
Relator term محرر.
700 1# - ADDED ENTRY--PERSONAL NAME
Personal name أبو زيد، علا
Relator term محرر.
905 ## - Cataloger and Reviser Names
Cataloger Name Nermeen_El Mawardy
942 ## - ADDED ENTRY ELEMENTS (KOHA)
Source of classification or shelving scheme Dewey Decimal Classification
Koha item type Books
Edition 21
Suppress in OPAC No
Holdings
Withdrawn status Lost status Source of classification or shelving scheme Damaged status Not for loan Home library Current library Date acquired Inventory number Total checkouts Full call number Barcode Date last seen Price effective from Koha item type
    Dewey Decimal Classification   Not for loan المكتبة المركزبة الجديدة - جامعة القاهرة قاعة المكتبات المهداة - الدور الرابع 11.03.2026 174115   306.48262 N138 2003 J.U. 01000100174115000 11.03.2026 11.03.2026 Books
Cairo University Libraries Portal Implemented & Customized by: Eng. M. Mohamady Contacts: new-lib@cl.cu.edu.eg | cnul@cl.cu.edu.eg
CUCL logo CNUL logo
© All rights reserved — Cairo University Libraries
CUCL logo
Implemented & Customized by: Eng. M. Mohamady Contact: new-lib@cl.cu.edu.eg © All rights reserved — New Central Library
CNUL logo
Implemented & Customized by: Eng. M. Mohamady Contact: cnul@cl.cu.edu.eg © All rights reserved — Cairo National University Library